Quiz-Univers du rap - Statistiques

Statistiques générales
  • Ce quiz a été pris 496 fois
  • Le résultat moyen est 11 sur 15
Statistiques - réponses
Question Réponse % Correct
Lequel de ces rappeurs rap le plus rapidement? Eminem
100%
Lequel de ces rappeurs a vendu le plus d'albums? Jul
96%
Lequel de ces rappeurs n'est pas marseillais? Larry
96%
Quel album n'est pas de ninho? ATHANOR
91%
Lequel de ces rappeurs est americain? Mac Miller
87%
Qui est le plus jeune d'entre eux? Kanoe
83%
Qui a sortie le son "Marie"? Koba la D
74%
Qui est le directeur de Skyrock? Laurent Bouneau
70%
Lequel de ces rappeurs fait parti du s-crew? Nekfeu
65%
Lequel de ces rappeurs ne fume pas? 50 cent
61%
Quel est le mentor de Luv Resval? Alkpote
61%
Quel album n'est pas disque de diament? LMF
61%
Ou est apparu en premier la lean? Etats-Unis
57%
Avec qui Jul n'a pas feat? MHD
57%
Lequel de ces rappeurs n'est jamais passé au studio de Skyrock? Alpha Wann
48%
Aucun quiz correspondant
Distribution des résultats
% des personnes avec chaque résultat
Percentile par nombre de réponses
Votre historique - résultats
Vous n’avez pas pris ce quiz